000 00775cam a22002533a 4500
001 31263
003 PGUSA
005 20140828083657.0
008 100212s2010||||xxu|||||s|||||000 | eng d
040 _aPGUSA
_beng
042 _adc
050 4 _aG
100 1 _aJenkins, Thomas H.
245 1 0 _aBark Kathleen Sunk By A Whale :
_bTo Which is Added an Account of Two Like Occurrences, the Loss of Ships Ann Alexander and Essex
_h[electronic resource] /
_cThomas H. Jenkins
260 _bProject Gutenberg,
_c2010
506 _aPublic domain in the USA.
516 _aElectronic text
653 _aWhaling
653 _aShipwrecks
653 _aKathleen (Bark)
830 0 _aProject Gutenberg
_v31263
856 4 0 _uhttp://www.gutenberg.org/ebooks/31263
942 _cEB
999 _c260518
_d260518